Tennisti con più Titoli ATP sulla Terra battuta - Statistics

Statistiche generali
  • Questo quiz è stato fatto 8 volte
  • Il punteggio medio è 6 su 13
Statistiche sulle risposte
Nazione Titoli ATP sulla terra battuta Tennista % Corretto
Spagna 63 Rafael Nadal
100%
Svizzera 11 Roger Federer
100%
Svezia 30 Björn Borg
86%
Serbia 19 Novak Djokovic
86%
Romania 27 Ilie Năstase
57%
Repubblica Ceca 28 Ivan Lendl
57%
Svezia 20 Mats Wilander
57%
Austria 40 Thomas Muster
43%
Spagna 16 Carlos Moyá
29%
Argentina 49 Guillermo Vilas
29%
Ecuador 16 Andrés Gómez
0%
Argentina 21 José Luis Clerc
0%
Spagna 30 Manuel Orantes
0%
Nessun quiz corrispondente trovato
Distribuzione punteggi
Percentuale di utenti per punteggio
Percentile per numero di risposta
I tuoi punteggi nel tempo
Non hai fatto questo quiz